Introduction to maternity and pediatric nursing / (Record no. 22841)
[ view plain ]
| 000 -LEADER | |
|---|---|
| fixed length control field | 00905cam a22002535a 4500 |
| 008 - FIXED-LENGTH DATA ELEMENTS--GENERAL INFORMATION | |
| fixed length control field | 161025t2015 moua frb 001 0 eng d |
| 020 ## - INTERNATIONAL STANDARD BOOK NUMBER | |
| International Standard Book Number | 9781455770151 |
| 040 ## - CATALOGING SOURCE | |
| Original cataloging agency | EG-ScBUE |
| Language of cataloging | eng |
| Transcribing agency | EG-ScBUE |
| Modifying agency | EG-ScBUE |
| 082 04 - DEWEY DECIMAL CLASSIFICATION NUMBER | |
| Classification number | 618.9200231 |
| Item number | LEI |
| Edition number | 22 |
| 100 1# - MAIN ENTRY--PERSONAL NAME | |
| Personal name | Leifer, Gloria. |
| 245 10 - TITLE STATEMENT | |
| Title | Introduction to maternity and pediatric nursing / |
| Statement of responsibility, etc | Gloria Leifer. |
| 250 ## - EDITION STATEMENT | |
| Edition statement | 7th ed. |
| 260 ## - PUBLICATION, DISTRIBUTION, ETC. (IMPRINT) | |
| Place of publication, distribution, etc | Missouri : |
| Name of publisher, distributor, etc | Saunders / Elsevier, |
| Date of publication, distribution, etc | c. 2015. |
| 300 ## - PHYSICAL DESCRIPTION | |
| Extent | xxii, 842 p. : |
| Other physical details | ill. ; |
| Dimensions | 28 cm. |
| 500 ## - GENERAL NOTE | |
| General note | Previous edition : St Louis, Mo. : Elsevier Saunders, 2011. |
| 504 ## - BIBLIOGRAPHY, ETC. NOTE | |
| Bibliography, etc | Includes bibliographical references and index. |
| 650 #7 - SUBJECT ADDED ENTRY--TOPICAL TERM | |
| Topical term or geographic name as entry element | Maternity nursing. |
| Source of heading or term | BUEsh |
| 650 #7 - SUBJECT ADDED ENTRY--TOPICAL TERM | |
| Topical term or geographic name as entry element | Pediatric nursing. |
| Source of heading or term | BUEsh |
| 651 ## - SUBJECT ADDED ENTRY--GEOGRAPHIC NAME | |
| Source of heading or term | BUEsh |
| 653 ## - INDEX TERM--UNCONTROLLED | |
| Resource For college | Nursing |
| Arrived date list | October2016 |
| -- | November2017 |
| 655 ## - INDEX TERM--GENRE/FORM | |
| Form subdivision | Text book |
| -- | 33728 |
| 856 4# - ELECTRONIC LOCATION AND ACCESS | |
| Public note | EVOLVE study resources free with textbook purchase : |
| Uniform Resource Identifier | <a href="EVOLVE.ELSEVIER.COM">EVOLVE.ELSEVIER.COM</a> |
| 942 ## - ADDED ENTRY ELEMENTS (KOHA) | |
| Source of classification or shelving scheme | Dewey Decimal Classification |
| Withdrawn status | Item status | Source of classification or shelving scheme | Damaged status | Not for loan | Vendor | Home library | Current library | Shelving location | Date acquired | Source of acquisition | Cost, normal purchase price | Serial Enumeration / chronology | Total Checkouts | Total Renewals | Full call number | Barcode | Date last seen | Date last borrowed | Cost, replacement price | Koha item type | Checked out |
|---|---|---|---|---|---|---|---|---|---|---|---|---|---|---|---|---|---|---|---|---|---|
| Dewey Decimal Classification | Academic Bookshop | Central Library | Central Library | First floor | 25/10/2016 | Purchase | 765.00 | 9116 | 7 | 49 | 618.9200231 LEI | 000045170 | 12/03/2026 | 09/04/2023 | 956.00 | Book - Borrowing | |||||
| Dewey Decimal Classification | Academic Bookshop | Central Library | Central Library | First floor | 25/10/2016 | Purchase | 765.00 | 9116 | 4 | 13 | 618.9200231 LEI | 000045171 | 15/07/2025 | 14/12/2022 | 956.00 | Book - Borrowing | |||||
| Dewey Decimal Classification | Baccah | Central Library | Central Library | First floor | 07/11/2017 | Purchase | 1050.00 | 618.9200231 LEI | 000042405 | 15/07/2025 | NB - Book (Non borrowing) | ||||||||||
| Dewey Decimal Classification | Baccah | Central Library | Central Library | First floor | 07/11/2017 | Purchase | 1050.00 | 1 | 618.9200231 LEI | 000042406 | 08/01/2024 | 08/01/2024 | Book - Borrowing | 07/02/2024 | |||||||
| Dewey Decimal Classification | Baccah | Central Library | Central Library | First floor | 07/11/2017 | Purchase | 1050.00 | 1 | 16 | 618.9200231 LEI | 000042407 | 15/07/2025 | 29/10/2018 | Book - Borrowing |